00603cam a22002052 4500001001100000005001700011008004100028020001700069040001500086100003900101245004400140250001200184260003700196300001500233650004300248650004500291650002600336700003200362852000300394000001956520151217152157.0110110s xx 000 0 eng d a085369608x : aKABUcKABU1 aFlorence, Alexander T.@000017932910aPhysicochemical principles of pharmacy. a1st ed. aLondon :bPharmaceutical,c2006. axiv,492 p. 0aPharmaceuticals chemistry.@0000179330 0aChemistry, Physical organic.@0000179331 0aPharmacy.@00001793321 aAttwood, David.@00001793331